000 nam a22 7a 4500
999 _c9083
_d9083
008 180122b ||||| |||| 00| 0 eng d
100 _aGupta. R G
_95364
245 _aComposite maths
260 _aNew Delhi
_bNavdeep Publication
_c2009